000 00264nmm a2200097Ia 4500
008 220120s9999||||xx |||||||||||||||||und||
020 _a81-203-1655-X
100 _aCHIP magazine
245 0 _aCHIP-DEC : UBUNTU 11.10 DESKTOP EDITION, ONEIRIC OCELOT
260 _bDelhi
999 _c139712
_d139712